[Event "RUS Cup Qualifier 5"]
[Site "chessassistantclub.com INT"]
[Date "2004.12.24"]
[EventDate "?"]
[Round "?"]
[Result "1-0"]
[White "Sergei Rublevsky"]
[Black "Natalia Pogonina"]
[WhiteElo "2703"]
[BlackElo "2501"]
[PlyCount "53"]

1.Nf3 c5 2.g3 Nc6 3.Bg2 e5 4.O-O g6 5.d3 Bg7 6.c4 d6 7.Nc3
Nge7 8.a3 O-O 9.Bg5 f6 10.Bd2 Be6 11.Rb1 Rc8 12.b4 b6 13.bxc5
dxc5 14.Qa4 h6 15.Ne1 f5 16.Nc2 e4 17.Rfd1 exd3 18.exd3 Qxd3
19.Nd5 Bxd5 20.cxd5 Nd4 21.Nxd4 Qxd4 22.Qxa7 Rf7 23.Bxh6 Qc3
24.Bxg7 Qxg7 25.d6 Nc6 26.Qa6 Rd8 27.Bxc6 1-0

[Event "RUS-ch U20 Girls"]
[Site "Nojabrsk"]
[Date "2005.03.02"]
[EventDate "?"]
[Round "6"]
[Result "1-0"]
[White "Natalia Pogonina"]
[Black "Alexandra Shumilina"]
[WhiteElo "2501"]
[BlackElo "2277"]
[PlyCount "79"]

1.e4 c5 2.Nf3 d6 3.d4 cxd4 4.Nxd4 Nf6 5.Nc3 a6 6.Be2 e5 7.Nb3
Be7 8.Be3 Be6 9.O-O O-O 10.Qd2 Nbd7 11.a4 Rc8 12.a5 Qc7
13.Rfc1 Rfd8 14.Nd5 Bxd5 15.exd5 Nc5 16.Nxc5 dxc5 17.c4 Bd6
18.Bg5 Be7 19.Be3 Bd6 20.b4 Qe7 21.bxc5 Bxc5 22.Rab1 Ne4
23.Qd3 Bxe3 24.Qxe3 Nc5 25.Bg4 Rc7 26.Re1 e4 27.Qd4 g6 28.Rb6
Rd6 29.Re3 f6 30.h4 h5 31.Bh3 Kh7 32.Rg3 Nd3 33.Rxd6 Qxd6
34.Qxe4 Nf4 35.Be6 f5 36.Bxf5 gxf5 37.Qxf5+ Kh8 38.Re3 Rxc4
39.g3 Nxd5 40.Re6 1-0

[Event "RUS-ch U20 Girls"]
[Site "Nojabrsk"]
[Date "2005.03.02"]
[EventDate "?"]
[Round "8"]
[Result "1-0"]
[White "Natalia Pogonina"]
[Black "Inara Dzhabrailova"]
[WhiteElo "2501"]
[BlackElo "2097"]
[PlyCount "111"]

1.e4 e6 2.d4 d5 3.Nd2 Nf6 4.e5 Nfd7 5.Bd3 c5 6.c3 Nc6 7.Ne2
cxd4 8.cxd4 f6 9.exf6 Nxf6 10.O-O Bd6 11.Nf3 Qc7 12.Bg5 O-O
13.Bh4 g6 14.Bg3 Bxg3 15.hxg3 Ng4 16.Qd2 a6 17.Rae1 Qg7 18.Bb1
Bd7 19.Qg5 Nh6 20.Rd1 Rae8 21.Nc3 Nf5 22.Qd2 b5 23.Ne2 Rf6
24.Nc1 Ref8 25.Nb3 Nd6 26.Nc5 Nc4 27.Qe2 Bc8 28.b3 Rxf3
29.gxf3 Nxd4 30.Rxd4 Qxd4 31.Nxe6 Qd2 32.Qxd2 Nxd2 33.Nxf8
Nxf1 34.Kxf1 Kxf8 35.b4 Kf7 36.Ke2 Kf6 37.Ke3 h6 38.Kd4 g5
39.g4 Bb7 40.Bc2 Ba8 41.Bh7 Kf7 42.Bf5 Bb7 43.Ke5 Ke7 44.a3 d4
45.Kxd4 Bxf3 46.Ke5 Bb7 47.Be6 Bc6 48.Bc8 Kd8 49.Kd6 Bf3
50.Bxa6 Bxg4 51.Bxb5 Bf3 52.Bc6 Bxc6 53.Kxc6 Kc8 54.Kd5 h5
55.Ke4 h4 56.Kf3 1-0

[Event "RUS-ch (Women) 1st League"]
[Site "Samara"]
[Date "2005.03.23"]
[EventDate "?"]
[Round "2"]
[Result "1-0"]
[White "Natalia Pogonina"]
[Black "Julia Kochetkova"]
[WhiteElo "2501"]
[BlackElo "2305"]
[PlyCount "127"]

1.e4 c5 2.Nf3 Nc6 3.d4 cxd4 4.Nxd4 Nf6 5.Nc3 e5 6.Ndb5 d6 7.a4
a6 8.Na3 Be6 9.Bg5 Be7 10.Bxf6 Bxf6 11.Bc4 O-O 12.O-O Rc8
13.Nd5 Bg5 14.c3 Kh8 15.Qe2 Ne7 16.Rad1 Ng6 17.g3 Bh3 18.Rfe1
f5 19.exf5 Bxf5 20.Bd3 Bxd3 21.Qxd3 Qe8 22.Qe4 Bd8 23.Re2 Qc6
24.b3 Ne7 25.c4 Nf5 26.Nc2 b5 27.axb5 axb5 28.cxb5 Qxb5 29.Qd3
Qb7 30.Nde3 Nxe3 31.Nxe3 Bb6 32.Nc4 e4 33.Qd5 Qa6 34.Qxe4 Bc5
35.Kg2 Rcd8 36.Qd5 Qb5 37.Rd3 Qd7 38.Rf3 Rxf3 39.Qxf3 Qc8
40.Rd2 Qb8 41.Qd5 h6 42.Ne5 Re8 43.Nf7+ Kh7 44.Rd3 Qc7 45.Nxd6
Rf8 46.Ne4 Bb6 47.Rf3 Rd8 48.Qh5 Qe7 49.Qf5+ Kh8 50.Qg6 Bd4
51.Rf7 Qb4 52.Qe6 Qb5 53.Re7 Rf8 54.Qc4 Qb6 55.Rf7 Re8 56.Qd5
Be5 57.Nc5 Qg6 58.Nd3 Bc3 59.Rd7 Qf6 60.b4 Rf8 61.Rd6 Qe7
62.b5 Be1 63.Nf4 Qa7 64.Ng6+ 1-0

[Event "RUS-ch (Women) 1st League"]
[Site "Samara"]
[Date "2005.03.23"]
[EventDate "?"]
[Round "4"]
[Result "1-0"]
[White "Natalia Pogonina"]
[Black "Tatiana Shadrina"]
[WhiteElo "2501"]
[BlackElo "2384"]
[PlyCount "95"]

1.e4 c5 2.Nf3 e6 3.d4 cxd4 4.Nxd4 Nf6 5.Bd3 Nc6 6.Nb3 d5
7.exd5 Nxd5 8.a3 Bd6 9.O-O O-O 10.c4 Nf4 11.Bxf4 Bxf4 12.Nc3
Be5 13.Qc2 f5 14.f4 Bc7 15.Rad1 Qf6 16.Nb5 Bb8 17.c5 Nd8
18.Bc4 Nf7 19.Kh1 a6 20.Nc3 Kh8 21.Na4 Bc7 22.Nb6 Rb8 23.Qe2
e5 24.Nd5 Qc6 25.Nxc7 Qxc7 26.Bxf7 Qxf7 27.Qxe5 Be6 28.Nd4 Bc4
29.Rfe1 h6 30.Nf3 Bb3 31.Rd6 Rfe8 32.Qc3 Rxe1+ 33.Nxe1 Bd5
34.Nf3 Be4 35.Ne5 Qh5 36.Qd2 Kh7 37.Kg1 Rg8 38.Rd7 Qe8 39.b4
Qe6 40.Qd6 Qxd6 41.cxd6 Bd5 42.Rc7 Rd8 43.d7 Bc6 44.Kf2 a5
45.Rc8 Rxd7 46.Nxd7 Bxd7 47.Rc7 Bc6 48.Rxc6 1-0

[Event "RUS-ch (Women) 1st League"]
[Site "Samara"]
[Date "2005.03.23"]
[EventDate "?"]
[Round "1"]
[Result "0-1"]
[White "Elena Tomilova"]
[Black "Natalia Pogonina"]
[WhiteElo "2308"]
[BlackElo "2501"]
[PlyCount "112"]

1.e4 c5 2.Nf3 d6 3.c3 Nf6 4.h3 g6 5.Bd3 Bg7 6.O-O O-O 7.Bc2
Nc6 8.d4 cxd4 9.cxd4 d5 10.e5 Ne8 11.Nc3 Nc7 12.Re1 Kh8 13.Be3
Be6 14.Qd2 Qd7 15.Bh6 Rac8 16.Qf4 f6 17.exf6 exf6 18.Bxg7+
Kxg7 19.Re2 Bf7 20.Rae1 Rfe8 21.h4 Rxe2 22.Rxe2 Ne6 23.Qd2 h5
24.Nd1 Qd6 25.g3 Qb4 26.Qxb4 Nxb4 27.Bb3 Rc1 28.Kh2 Nxa2
29.Ne3 Nb4 30.Nxd5 Nxd5 31.Bxd5 Nf4 32.gxf4 Bxd5 33.Ne1 Kf7
34.f3 Rd1 35.Kg3 Rxd4 36.Re3 Rd2 37.b4 Rb2 38.Rd3 Bc6 39.Rd4
Rb1 40.Nd3 Rf1 41.Nf2 Ke7 42.Ne4 Rc1 43.Nd2 Rc3 44.Kf2 b6
45.Ne4 Rc2+ 46.Ke3 f5 47.Nd2 Rc3+ 48.Kf2 a5 49.bxa5 bxa5
50.Nc4 Rxf3+ 51.Ke2 Rh3 52.Nxa5 Be4 53.Nc4 Rxh4 54.Ne5 Ke6
55.Nxg6 Rg4 56.Nf8+ Ke7 0-1

[Event "RUS-ch (Women) 1st League"]
[Site "Samara"]
[Date "2005.03.23"]
[EventDate "?"]
[Round "3"]
[Result "1/2-1/2"]
[White "Maria Komiagina"]
[Black "Natalia Pogonina"]
[WhiteElo "2265"]
[BlackElo "2501"]
[PlyCount "144"]

1.e4 c5 2.Nf3 d6 3.d4 cxd4 4.Nxd4 Nf6 5.Nc3 g6 6.Be3 Bg7 7.f3
O-O 8.Qd2 Nc6 9.Bc4 Bd7 10.O-O-O Rc8 11.Bb3 Ne5 12.Kb1 Re8
13.Bh6 Bxh6 14.Qxh6 Rxc3 15.bxc3 a5 16.a4 Qb6 17.Qc1 Qc5
18.Qb2 Rb8 19.Ka2 b5 20.axb5 Bxb5 21.Nxb5 Qxb5 22.Rd4 Kg7
23.Qa3 Qe2 24.Rg1 Nfd7 25.Qc1 Nc5 26.Qf1 Qe3 27.Qe1 Qf4 28.Qc1
Qf6 29.Qe3 a4 30.Bc4 Nxc4 31.Rxc4 Qe6 32.Qd4+ f6 33.Qd5 Qc8
34.Rb4 Rxb4 35.cxb4 Na6 36.Qd2 Qc4+ 37.Ka3 Nc7 38.Ra1 Nb5+
39.Kb2 a3+ 40.Rxa3 Nxa3 41.Kxa3 Qa6+ 42.Kb3 Qa1 43.c3 Kf8
44.Qb2 Qf1 45.Qc2 Ke8 46.c4 Kd7 47.Ka4 Kc6 48.Kb3 Qg1 49.h3
Qe3+ 50.Qc3 Qf2 51.b5+ Kb6 52.Qc2 Qd4 53.Qe2 g5 54.Kc2 h5
55.Qd3 Qg1 56.Qd2 h4 57.Kd3 Qf1+ 58.Qe2 Qa1 59.Qf2+ Kb7 60.Qe3
Qd1+ 61.Qd2 Qf1+ 62.Kc3 Qa1+ 63.Qb2 Qe1+ 64.Kb3 Qd1+ 65.Qc2
Qf1 66.Qa2 Qd1+ 67.Kc3 Qc1+ 68.Kd4 Qd1+ 69.Ke3 Qg1+ 70.Kd3
Qf1+ 71.Kc3 Qc1+ 72.Kb3 Qe3+ 1/2-1/2

[Event "RUS-ch (Women) 1st League"]
[Site "Samara"]
[Date "2005.03.23"]
[EventDate "?"]
[Round "5"]
[Result "0-1"]
[White "Ekaterina Korbut"]
[Black "Natalia Pogonina"]
[WhiteElo "2448"]
[BlackElo "2501"]
[PlyCount "92"]

1.e4 c5 2.Nf3 d6 3.d4 cxd4 4.Nxd4 Nf6 5.Nc3 g6 6.f3 Bg7 7.Be3
O-O 8.Qd2 Nc6 9.Bc4 Bd7 10.O-O-O Rc8 11.Bb3 Ne5 12.Kb1 Re8
13.g4 b5 14.g5 b4 15.Nce2 Nh5 16.Ng3 a5 17.f4 a4 18.Bd5 Nc4
19.Bxc4 Rxc4 20.Nxh5 gxh5 21.Qe2 Qc8 22.Nf5 b3 23.cxb3 Bxf5
24.Qxc4 Qxc4 25.bxc4 Bxe4+ 26.Kc1 Bxh1 27.Rxh1 Rb8 28.Rd1
Bxb2+ 29.Kc2 Bg7 30.Rb1 Rxb1 31.Kxb1 h6 32.f5 hxg5 33.Bxg5 Kf8
34.Kc2 Be5 35.h3 e6 36.fxe6 f6 37.Be3 Ke7 38.Kd3 Kxe6 39.Ke4
f5+ 40.Kf3 d5 41.cxd5+ Kxd5 42.Bf4 Bxf4 43.Kxf4 Ke6 44.h4 a3
45.Kg5 Ke5 46.Kxh5 Kf6 0-1

[Event "RUS-ch (Women) 1st League"]
[Site "Samara"]
[Date "2005.03.23"]
[EventDate "?"]
[Round "7"]
[Result "1/2-1/2"]
[White "Yana Melnikova"]
[Black "Natalia Pogonina"]
[WhiteElo "2288"]
[BlackElo "2501"]
[PlyCount "110"]

1.e4 c5 2.Nf3 d6 3.d4 cxd4 4.Nxd4 Nf6 5.Nc3 g6 6.Be3 Bg7 7.f3
O-O 8.Qd2 Nc6 9.Bc4 Bd7 10.O-O-O Rc8 11.Bb3 Ne5 12.h4 h5
13.Bg5 Rc5 14.Kb1 Re8 15.Bh6 Nc4 16.Bxc4 Rxc4 17.Bxg7 Kxg7
18.g4 hxg4 19.h5 Rh8 20.hxg6 fxg6 21.Rxh8 Qxh8 22.f4 e5
23.Nde2 Rc6 24.Ng3 Qh6 25.Nce2 Kg8 26.Rh1 Qg7 27.fxe5 dxe5
28.Qg5 Re6 29.Rd1 Bc6 30.Nc3 Re8 31.Rd6 Kf7 32.a3 Qh8 33.Nce2
Re6 34.Rd1 Qg7 35.Nc1 Re7 36.Rf1 Bb5 37.Rf2 Re6 38.a4 Bxa4
39.Nd3 Be8 40.Nxe5+ Kg8 41.Nd3 Bc6 42.e5 Nh7 43.Qxg4 Re8
44.Qc4+ Kh8 45.Rf7 Qh6 46.Nf4 g5 47.Nfh5 Qe6 48.Qf1 Qxe5
49.Rxh7+ Kxh7 50.Nf6+ Kg6 51.Nxe8 Bxe8 52.Qd3+ Kg7 53.Nf5+ Kf6
54.Ne3 Kg7 55.Nf5+ Kf6 1/2-1/2

[Event "RUS-chT (Women)"]
[Site "Sochi"]
[Date "2005.04.19"]
[EventDate "?"]
[Round "5"]
[Result "1-0"]
[White "Natalia Pogonina"]
[Black "Evgenia Meshcheriakova"]
[WhiteElo "2501"]
[BlackElo "2260"]
[PlyCount "81"]

1.e4 e6 2.d4 d5 3.Nd2 dxe4 4.Nxe4 Bd7 5.Nf3 Bc6 6.Bd3 Nd7
7.O-O Ngf6 8.Qe2 Nxe4 9.Bxe4 Bxe4 10.Qxe4 c6 11.c4 Nf6 12.Qe2
Be7 13.Bf4 O-O 14.Rad1 Re8 15.Rd3 Qa5 16.b3 Rad8 17.Rfd1 c5
18.h3 Qb6 19.Be3 Qc7 20.dxc5 Rxd3 21.Rxd3 Bxc5 22.Bxc5 Qxc5
23.Ne5 a5 24.Nd7 Nxd7 25.Rxd7 Qc6 26.Qd3 h6 27.a3 e5 28.b4
axb4 29.axb4 e4 30.Qd4 e3 31.fxe3 Re4 32.Qd3 Rxe3 33.Qf5 f6
34.Qg4 g5 35.Qf5 Re1+ 36.Kh2 Re7 37.Qg6+ Kf8 38.Rd8+ Re8
39.Qxh6+ Kf7 40.Rd1 Qc7+ 41.Kh1 1-0

[Event "RUS-chT (Women)"]
[Site "Sochi"]
[Date "2005.04.19"]
[EventDate "?"]
[Round "6"]
[Result "1-0"]
[White "Natalia Pogonina"]
[Black "Varvara Kirillova"]
[WhiteElo "2501"]
[BlackElo "2229"]
[PlyCount "109"]

1.e4 c5 2.Nf3 Nc6 3.d4 cxd4 4.Nxd4 Nf6 5.Nc3 e5 6.Ndb5 d6 7.a4
h6 8.Bc4 a6 9.Na3 Be7 10.O-O O-O 11.h3 Be6 12.Be3 Rc8 13.Bd5
Bxd5 14.exd5 Na5 15.Ne2 Nc4 16.Nxc4 Rxc4 17.b3 Rc8 18.Ng3 Re8
19.a5 Bf8 20.c4 g6 21.Qd2 Kh7 22.f4 Bg7 23.f5 Qe7 24.Rac1 e4
25.b4 Nd7 26.c5 dxc5 27.bxc5 Nxc5 28.f6 Bxf6 29.d6 Qe5 30.Rxc5
Rxc5 31.Rxf6 Rd5 32.Qf2 Kg8 33.Rxf7 Rxd6 34.Nf1 Qe6 35.Rxb7
Rf8 36.Qb2 Qf6 37.Qxf6 Rfxf6 38.Rb6 Kf7 39.Nd2 Rd3 40.Nxe4
Rxb6 41.Bxb6 Ke7 42.Nc5 Rd1+ 43.Kh2 Kd6 44.Nxa6 Kc6 45.Nb4+
Kb5 46.Nc2 Rd3 47.Nd4+ Ka6 48.Ne6 Kb5 49.Nf4 Rd6 50.Kg3 g5
51.Ne2 Rd3+ 52.Kg4 Rd2 53.Nd4+ Ka6 54.g3 Rd3 55.Nf5 1-0

[Event "RUS-chT (Women)"]
[Site "Sochi"]
[Date "2005.04.19"]
[EventDate "?"]
[Round "11"]
[Result "1-0"]
[White "Natalia Pogonina"]
[Black "Svetlana Matveeva"]
[WhiteElo "2501"]
[BlackElo "2391"]
[PlyCount "125"]

1.e4 e6 2.d4 d5 3.Nd2 Be7 4.Bd3 c5 5.dxc5 Nf6 6.Qe2 Nc6 7.Ngf3
a5 8.O-O a4 9.c3 O-O 10.Rb1 Bxc5 11.e5 Nd7 12.b4 Bb6 13.b5 Na5
14.Ba3 Bc5 15.Bxc5 Nxc5 16.Bc2 b6 17.Rb4 Bd7 18.Qe3 h6 19.Rg4
Kh8 20.Rb1 f5 21.exf6 Rxf6 22.Ne5 Be8 23.Qg3 Ra7 24.Rbb4 Qc7
25.Bg6 Bxg6 26.Nxg6+ Kh7 27.Rbf4 Ra8 28.h4 Rc8 29.h5 Nab7
30.c4 Rxf4 31.Rxf4 Nd6 32.Rf8 Rxf8 33.Nxf8+ Kg8 34.Ng6 Qd8
35.cxd5 exd5 36.Qe5 Nc4 37.Nxc4 dxc4 38.g3 c3 39.Qxc3 Qd1+
40.Kg2 Qxh5 41.Qc4+ Kh7 42.Nf4 Qe8 43.Nd5 Qe6 44.Ne3 Qd7 45.g4
Kh8 46.Kf1 Qd2 47.Nd5 Nd3 48.Qc8+ Kh7 49.Qf5+ Kh8 50.Ne3 Nc5
51.a3 Qb2 52.Qf8+ Kh7 53.Qf5+ Kg8 54.Qd5+ Kh8 55.Qd8+ Kh7
56.Qxb6 Nd3 57.Nf5 Nf4 58.Kg1 Qc1+ 59.Kh2 Qxa3 60.Qe3 Nd3
61.Qd4 Qb2 62.Qxd3 a3 63.Ne7+ 1-0

[Event "RUS-chT (Women)"]
[Site "Sochi"]
[Date "2005.04.19"]
[EventDate "?"]
[Round "4"]
[Result "1/2-1/2"]
[White "Natalia Zhukova"]
[Black "Natalia Pogonina"]
[WhiteElo "2457"]
[BlackElo "2501"]
[PlyCount "122"]

1.d4 Nf6 2.c4 c5 3.d5 b5 4.cxb5 a6 5.bxa6 g6 6.Nc3 Bxa6 7.g3
d6 8.Bg2 Bg7 9.Nf3 O-O 10.O-O Nbd7 11.Rb1 Qa5 12.Bd2 Rfb8
13.Qc2 Ng4 14.a4 Nge5 15.Nxe5 Bxe5 16.Rfe1 Qd8 17.b3 Rb7 18.f4
Bg7 19.h3 Rc8 20.Kh2 Rbb8 21.e4 Bd4 22.Nd1 Qb6 23.Ne3 Qa7
24.Bc3 Qb6 25.Qd2 Bxc3 26.Qxc3 Qb4 27.Rec1 Rc7 28.Qxb4 Rxb4
29.Nc2 Rbb7 30.Bf1 Bxf1 31.Rxf1 Rb8 32.Na3 Rb4 33.Nb5 Rb7
34.Rfe1 Nf6 35.e5 dxe5 36.fxe5 Nxd5 37.Rec1 Nc7 38.Nxc7 Rxc7
39.Kg2 Kf8 40.Kf3 Ke8 41.Rc3 Kd7 42.Rbc1 Rcb7 43.Rxc5 Rxb3+
44.R1c3 Ke6 45.Rxb3 Rxb3+ 46.Kf2 g5 47.Ra5 Rd3 48.Rb5 h5 49.a5
g4 50.h4 Rc3 51.Kg2 Rc2+ 52.Kf1 Ra2 53.Kg1 Kf5 54.e6+ Kxe6
55.Rxh5 f5 56.a6 Ke5 57.Rh7 e6 58.a7 Ke4 59.Rb7 Kf3 60.Rb3+
Ke4 61.Rb7 Ke5 1/2-1/2

[Event "St Petersburg Rudenko mem"]
[Site "St Petersburg"]
[Date "2005.08.20"]
[EventDate "?"]
[Round "2"]
[Result "1/2-1/2"]
[White "Natalia Pogonina"]
[Black "Marina Lupik"]
[WhiteElo "2501"]
[BlackElo "2200"]
[PlyCount "70"]

1.e4 c5 2.Nf3 d6 3.d4 cxd4 4.Nxd4 Nf6 5.Nc3 a6 6.Be2 e5 7.Nb3
Be7 8.Be3 Be6 9.O-O Nbd7 10.a4 O-O 11.a5 Rc8 12.Qd2 Qc7
13.Rfc1 Qc6 14.Bf3 Nc5 15.Nd5 Bxd5 16.exd5 Nxb3 17.Qb4 Qc4
18.Qxc4 Rxc4 19.cxb3 Rxc1+ 20.Rxc1 Bd8 21.Bg5 Bxa5 22.Bxf6
gxf6 23.Bg4 Bb6 24.Kf1 a5 25.Bf5 Bd4 26.Rc2 Ra8 27.Bc8 Bxb2
28.Bxb7 Rb8 29.Rc8+ Rxc8 30.Bxc8 Kf8 31.g4 Ke7 32.Bf5 h6
33.Ke2 Kd8 34.Kd3 Bd4 35.f3 Bg1 1/2-1/2

[Event "St Petersburg Rudenko mem"]
[Site "St Petersburg"]
[Date "2005.08.20"]
[EventDate "?"]
[Round "1"]
[Result "0-1"]
[White "Iulia Gromova"]
[Black "Natalia Pogonina"]
[WhiteElo "2227"]
[BlackElo "2501"]
[PlyCount "56"]

1.d4 Nf6 2.c4 c5 3.d5 b5 4.Nd2 bxc4 5.e4 c3 6.bxc3 g6 7.Ngf3
Bg7 8.Rb1 O-O 9.Be2 d6 10.O-O Nbd7 11.c4 Nb6 12.Bb2 e5 13.dxe6
Bxe6 14.Qc2 Re8 15.Rfd1 Qc7 16.Ne1 Bd7 17.Bf3 Ba4 18.Nb3 Bc6
19.Nd2 Re7 20.Bxf6 Bxf6 21.Nd3 Bg5 22.e5 dxe5 23.Ne4 Bxe4
24.Bxe4 Rd8 25.Rb5 Red7 26.a4 Rd4 27.a5 Nxc4 28.Rb7 Qd6 0-1

[Event "Wch U20 Girls"]
[Site "Istanbul"]
[Date "2005.11.09"]
[EventDate "?"]
[Round "13"]
[Result "0-1"]
[White "Natalia Pogonina"]
[Black "Nana Dzagnidze"]
[WhiteElo "2501"]
[BlackElo "2535"]
[PlyCount "118"]

1.e4 c5 2.Nf3 d6 3.d4 cxd4 4.Nxd4 Nf6 5.Nc3 Nc6 6.Be2 e5 7.Nf3
Be7 8.O-O O-O 9.Bg5 Be6 10.Qd2 Rc8 11.Rad1 Qa5 12.a3 Qb6
13.Na4 Qc7 14.Nc3 Rfd8 15.Bxf6 Bxf6 16.Nd5 Bxd5 17.exd5 Na5
18.c3 Qd7 19.Qc2 b5 20.Bd3 g6 21.Qe2 a6 22.Nd2 Bg5 23.Ne4 Be7
24.Nd2 f5 25.Bb1 Bg5 26.Nf3 Bh6 27.Ba2 Nb7 28.Ne1 Nc5 29.Nd3
e4 30.Nxc5 Rxc5 31.f3 Re8 32.Rde1 Rcc8 33.Bb1 Re5 34.fxe4 Rce8
35.Kh1 fxe4 36.h3 Bg5 37.Rd1 Kg7 38.Ba2 Bd8 39.Rf4 Bg5 40.Rff1
e3 41.c4 Bh4 42.Rf4 Bf2 43.cxb5 axb5 44.Bb1 Rh5 45.Rf3 Ree5
46.Ba2 Ref5 47.Rc1 Rfg5 48.Rc2 Qg4 49.Qf1 Qe4 50.Rcxf2 exf2
51.Qxf2 Rf5 52.Qa7+ Kf6 53.Qe3 Qxe3 54.Rxe3 Rf1+ 55.Kh2 Re5
56.Rb3 Ra1 57.Rf3+ Rf5 58.Rxf5+ gxf5 59.Bb3 Rb1 0-1

[Event "World Junior Championship (Girls)"]
[Site "Istanbul TUR"]
[Date "2005.11.19"]
[EventDate "2005.11.09"]
[Round "10"]
[Result "1/2-1/2"]
[White "Turkan Mamedjarova"]
[Black "Natalia Pogonina"]
[WhiteElo "2223"]
[BlackElo "2401"]
[PlyCount "118"]

1. d4 Nf6 2. Nf3 c5 3. e3 g6 4. Bd3 Bg7 5. O-O b6 6. Nbd2 O-O
7. Re1 Nc6 8. c3 d5 9. b3 Bb7 10. Bb2 Rc8 11. Qe2 Re8 12. Bb5
Qd6 13. Ne5 Red8 14. f4 e6 15. Rad1 Qc7 16. Ba3 Ne7 17. Bd3
Nf5 18. Bb2 Nd6 19. c4 dxc4 20. Ndxc4 cxd4 21. Bxd4 Nf5
22. Bxf5 exf5 23. Nf3 Ne4 24. Bxg7 Kxg7 25. Qb2+ Kg8 26. Rc1
Qe7 27. Nd4 Nc5 28. Rcd1 Ba8 29. Ne5 f6 30. Nef3 Rd7 31. b4
Ne4 32. Rc1 Rdc7 33. Rxc7 Qxc7 34. Qb3+ Qf7 35. Qb2 Bd5 36. a4
Qd7 37. a5 Nd6 38. axb6 axb6 39. Ne2 Qe6 40. Qd4 Ne4 41. h3
Rc4 42. Qb2 Qe7 43. b5 Qc5 44. Nfd4 Nd6 45. Nc1 Qb4 46. Nd3
Qc3 47. Qe2 Ra4 48. Nf2 Ra1 49. Rxa1 Qxa1+ 50. Kh2 Qc3 51. Nd1
Qc5 52. Nb2 Qb4 53. Qc2 Qc5 54. Qd3 Be4 55. Qb3+ Bd5 56. Qd3
Be4 57. Qb3+ Bd5 58. Qd3 Be4 59. Qb3+ Bd5 1/2-1/2

[Event "World Junior Championship (Girls)"]
[Site "Istanbul TUR"]
[Date "2005.11.20"]
[EventDate "2005.11.09"]
[Round "11"]
[Result "1-0"]
[White "Natalia Pogonina"]
[Black "Tania Sachdev"]
[WhiteElo "2401"]
[BlackElo "2379"]
[PlyCount "115"]

1. e4 c5 2. Nf3 e6 3. d4 cxd4 4. Nxd4 a6 5. Bd3 Qc7 6. O-O Nf6
7. Nc3 b5 8. a3 Bb7 9. Kh1 Be7 10. f4 d6 11. Be3 Nbd7 12. Bg1
O-O 13. Qe2 Nc5 14. Rae1 d5 15. e5 Nfe4 16. Bxe4 Nxe4 17. Rf3
b4 18. Nxe4 dxe4 19. Rh3 g6 20. axb4 Bxb4 21. c3 Be7 22. Qg4
f5 23. Qe2 Qd7 24. Rd1 Rfd8 25. Bf2 a5 26. Qe1 a4 27. Bh4 a3
28. bxa3 Rxa3 29. Re3 Ra2 30. h3 Bd5 31. Bxe7 Qxe7 32. Re2
Rxe2 33. Qxe2 Rc8 34. Qe1 Qc5 35. Rc1 Qa5 36. Kh2 Qd8 37. Qg3
Qe7 38. Ra1 Qc5 39. Rc1 Qa3 40. Rc2 Qa1 41. Qe3 Qd1 42. Rd2
Qa4 43. Ne2 Qa5 44. Rb2 Qa1 45. Rc2 Qa6 46. Rd2 Qa5 47. Rd1
Rb8 48. Rd2 Rb1 49. c4 Bxc4 50. Rd7 Qb6 51. Qc3 Qa6 52. Nd4
Rb8 53. Rd6 Qa2 54. Nc2 Qb3 55. Qa5 Qxc2 56. Qc7 Qf2 57. Qxb8+
Kg7 58. Rd7+ 1-0

[Event "3rd Elizabet Bykova memorial"]
[Site "Vladimir"]
[Date "2005.12.07"]
[EventDate "?"]
[Round "1"]
[Result "1-0"]
[White "Natalia Pogonina"]
[Black "Firuza Velikhanli"]
[WhiteElo "2401"]
[BlackElo "2319"]
[PlyCount "85"]

1. e4 c5 2. Nf3 Nc6 3. d4 cxd4 4. Nxd4 e5 5. Nb5 d6 6. a4 Be6
7. N1c3 a6 8. Na3 Nf6 9. Bg5 Rc8 10. Bc4 Be7 11. Bxf6 Bxf6
12. Nd5 Bg5 13. O-O O-O 14. c3 Ne7 15. Qb3 Bxd5 16. Bxd5 Nxd5
17. Qxd5 Qc7 18. Rad1 Rfd8 19. Rd3 Qc6 20. Qxc6 Rxc6 21. Rfd1
Kf8 22. g3 Ke7 23. f3 g6 24. Nc2 a5 25. Na3 f5 26. b3 fxe4
27. fxe4 Ke6 28. Nb5 Rd7 29. Kg2 Bd8 30. Rf1 Bb6 31. Rdf3 Bd8
32. c4 Rg7 33. Rf8 Bg5 34. Rb8 Rb6 35. Rff8 Kd7 36. Rfc8 Ke6
37. Nc7+ Rxc7 38. Rxc7 Rxb3 39. h4 Rb2+ 40. Kh3 Be3 41. Re8+
Kf6 42. Rf8+ Ke6 43. Rff7 1-0

[Event "3rd Elizabet Bykova memorial"]
[Site "Vladimir"]
[Date "2005.12.09"]
[EventDate "?"]
[Round "3"]
[Result "1/2-1/2"]
[White "Natalia Pogonina"]
[Black "Tatiana Kononenko"]
[WhiteElo "2401"]
[BlackElo "2423"]
[PlyCount "120"]

1. e4 e6 2. d4 d5 3. Nd2 c5 4. exd5 exd5 5. Ngf3 Nf6 6. Bb5+
Bd7 7. Bxd7+ Nbxd7 8. O-O Be7 9. dxc5 Nxc5 10. Re1 O-O 11. Nf1
Nce4 12. Be3 Rc8 13. c3 Bc5 14. Bxc5 Rxc5 15. Nd4 Qd7 16. Ne3
Rcc8 17. Qd3 a6 18. Rad1 Rfe8 19. Ndc2 Nc5 20. Qd2 Na4 21. Nb4
Nb6 22. Qd4 Re6 23. Rf1 Qb5 24. b3 Re4 25. Qd3 Qxd3 26. Rxd3
g6 27. Rfd1 Re7 28. g3 Rec7 29. Nbxd5 Nbxd5 30. Nxd5 Nxd5
31. Rxd5 Rxc3 32. Rd8+ Rxd8 33. Rxd8+ Kg7 34. Rd7 b5 35. Rd6
a5 36. Ra6 a4 37. bxa4 bxa4 38. Rxa4 h5 39. Kg2 Rc2 40. h4 Rb2
41. Ra8 Rc2 42. a4 Ra2 43. a5 Kf6 44. a6 Kg7 45. a7 Kf6
46. Kf3 Ra3+ 47. Ke4 Ra4+ 48. Kd5 Ra1 49. f3 Rd1+ 50. Kc4 Rc1+
51. Kb3 Ra1 52. g4 hxg4 53. fxg4 Kg7 54. h5 gxh5 55. gxh5 Ra6
56. Kc3 Ra1 57. h6+ Kh7 58. Kd4 f5 59. Ke5 f4 60. Kxf4 Rf1+
1/2-1/2

[Event "3rd Elizabet Bykova memorial"]
[Site "Vladimir"]
[Date "2005.12.10"]
[EventDate "?"]
[Round "4"]
[Result "0-1"]
[White "Sandugach Shaydullina"]
[Black "Natalia Pogonina"]
[WhiteElo "2331"]
[BlackElo "2331"]
[PlyCount "124"]

1. d4 Nf6 2. c4 c5 3. d5 b5 4. cxb5 a6 5. bxa6 g6 6. Nc3 Bxa6
7. g3 d6 8. Bg2 Bg7 9. Nf3 O-O 10. O-O Nbd7 11. Rb1 Qa5
12. Bd2 Rfb8 13. a4 Ng4 14. Qc2 Nge5 15. Nxe5 Bxe5 16. Rfe1
Qd8 17. b3 Rb7 18. Na2 Rc8 19. Bc3 Qf8 20. Bh3 Bxc3 21. Qxc3
Qh6 22. Bg2 Qg7 23. Qa5 Ra8 24. Qd2 Rab8 25. b4 cxb4 26. Rxb4
Nc5 27. h4 Rxb4 28. Nxb4 Nb3 29. Qe3 Rxb4 30. Rb1 Bc4 31. Qxe7
Qf8 32. Qe3 Qb8 33. h5 Rxa4 34. h6 Qf8 35. Bf3 Ra8 36. Qf4 Rc8
37. Rb2 Qe7 38. Rc2 Ba6 39. Rc6 Rxc6 40. dxc6 Nc5 41. Qb4 Qf8
42. Qd2 Bc8 43. Bd5 Be6 44. e4 Bc8 45. Qa5 Ne6 46. Qb6 Qxh6
47. Qb8 Qf8 48. c7 Nc5 49. Qa8 Kg7 50. Qa1+ f6 51. Qa8 h5
52. f4 Qe8 53. Kf2 Qd7 54. Qa5 Na6 55. Bc4 Qxc7 56. Qa2 Nc5
57. Bd5 Nd3+ 58. Ke3 Nb4 59. Qd2 Qc5+ 60. Kf3 Nxd5 61. exd5
Bb7 62. Kg2 Bxd5+ 0-1

[Event "3rd Elizabet Bykova memorial"]
[Site "Vladimir"]
[Date "2005.12.11"]
[EventDate "?"]
[Round "5"]
[Result "1/2-1/2"]
[White "Natalia Pogonina"]
[Black "Elisabeth Paehtz"]
[WhiteElo "2401"]
[BlackElo "2408"]
[PlyCount "65"]

1. e4 c5 2. Nf3 e6 3. d4 cxd4 4. Nxd4 a6 5. Bd3 Bc5 6. Nb3 Ba7
7. Qe2 Nc6 8. Be3 d6 9. Nc3 b5 10. O-O Nge7 11. f4 O-O 12. a3
Ng6 13. Bxa7 Rxa7 14. Qe3 Rb7 15. Kh1 Rb8 16. Rad1 Qe7 17. Qg3
Kh8 18. Rd2 b4 19. axb4 Nxb4 20. Ne2 Qf6 21. Rdd1 Bb7 22. Na5
Ba8 23. b3 d5 24. exd5 Bxd5 25. Bxg6 hxg6 26. c3 Nc6 27. Nxc6
Bxc6 28. Rd6 Bd5 29. c4 Qb2 30. cxd5 Qxe2 31. Qf3 Qxf3
32. Rxf3 exd5 33. Rxd5 1/2-1/2

[Event "3rd Elizabet Bykova memorial"]
[Site "Vladimir"]
[Date "2005.12.12"]
[EventDate "?"]
[Round "6"]
[Result "0-1"]
[White "Maria Kursova"]
[Black "Natalia Pogonina"]
[WhiteElo "2312"]
[BlackElo "2401"]
[PlyCount "56"]

1. d4 Nf6 2. Nf3 c5 3. d5 b5 4. Bg5 d6 5. e4 a6 6. Nbd2 g6
7. a4 b4 8. Bxf6 exf6 9. Bd3 Bg7 10. O-O Nd7 11. Nc4 Ne5
12. Nfd2 O-O 13. f4 Nxd3 14. cxd3 f5 15. Qf3 Ra7 16. Nb3 Bb7
17. Rad1 Ba8 18. a5 Re8 19. Rfe1 Rae7 20. Re3 Bd4 21. Rde1
fxe4 22. dxe4 Bxe3+ 23. Rxe3 f5 24. exf5 Rxe3 25. Nxe3 Qe7
26. Kf2 Qf6 27. Ng4 Qxb2+ 28. Kg3 h5 0-1

[Event "3rd Elizabet Bykova memorial"]
[Site "Vladimir"]
[Date "2005.12.13"]
[EventDate "?"]
[Round "7"]
[Result "1-0"]
[White "Natalia Pogonina"]
[Black "Anna Burtasova"]
[WhiteElo "2401"]
[BlackElo "2260"]
[PlyCount "173"]

1. e4 e5 2. Nf3 Nc6 3. Bb5 Nf6 4. O-O d6 5. d4 Bd7 6. Nc3 Nxd4
7. Nxd4 exd4 8. Bxd7+ Qxd7 9. Qxd4 Be7 10. h3 O-O 11. Be3 Qc6
12. Rfe1 Rfe8 13. Rad1 Nd7 14. Nd5 Bf6 15. Nxf6+ Nxf6 16. f3
Re6 17. c4 b6 18. b3 a5 19. Rc1 Rae8 20. Qd2 Qa8 21. a3 Nd7
22. Qc3 Qd8 23. b4 axb4 24. axb4 Ne5 25. Bd4 Qh4 26. Bf2 Qg5
27. Qe3 Qe7 28. Red1 Rg6 29. c5 bxc5 30. bxc5 Qe6 31. Kf1 Nd7
32. cxd6 cxd6 33. Rd4 Nc5 34. Rcd1 Qe5 35. Kg1 Ne6 36. Rd5 Qf6
37. Rxd6 Qe5 38. R6d5 Qb8 39. Rf5 Nf8 40. h4 h6 41. h5 Rc6
42. Rfd5 Ne6 43. e5 Rc4 44. Bg3 Qb2 45. R5d2 Qb4 46. Rd7 Nf8
47. R7d4 Qa4 48. Rxc4 Qxd1+ 49. Kh2 Qd7 50. Qd4 Qe7 51. Qg4
Ne6 52. Bh4 Qb7 53. Rc1 Qd5 54. f4 Qd2 55. Rf1 Qd3 56. Rf3 Qe4
57. Rf1 Kh8 58. Qf3 Qc4 59. Rf2 Qd4 60. Qg3 Nc5 61. Re2 Qc4
62. Qe3 Ne6 63. Qe4 Qc1 64. Bg3 Nf8 65. Qd5 Qc7 66. f5 Qe7
67. Qf3 Qg5 68. Re4 Nh7 69. Bh4 Qd2 70. f6 Ng5 71. fxg7+ Kxg7
72. Bxg5 Qxg5 73. Rg4 Rxe5 74. Rxg5+ Rxg5 75. g4 Kg8 76. Qf6
Rxg4 77. Qxh6 Rg7 78. Qf4 Kh7 79. Kh3 Kg8 80. Qb8+ Kh7 81. Qf8
Kh6 82. Qh8+ Rh7 83. Qe5 Rg7 84. Qf6+ Kh7 85. Kh4 Kg8 86. Qd8+
Kh7 87. Qf8 1-0